[Event "1st Central League"]
[Site "Vrnjacka Banja SCG"]
[Date "2004.09.27"]
[Round "4"]
[White "Simic,Dragi"]
[Black "Markovic,Zo"]
[Result "1/2-1/2"]
[WhiteElo "2314"]
[BlackElo "2186"]

1.e4 c5 2.Nf3 Nc6 3.Bb5 g6 4.O-O Bg7 5.Re1 e5 6.Bxc6 dxc6 7.d3 Qe7 8.Nbd2 Nf6
9.Nc4 Nh5 10.a3 O-O  1/2-1/2

[Event "IMA Classic"]
[Site "Gausdal NOR"]
[Date "2004.09.28"]
[Round "7"]
[White "Soderberg,P"]
[Black "Saevareid,O"]
[Result "1-0"]
[WhiteElo "2268"]
[BlackElo "2188"]

1.e4 c5 2.Nf3 Nc6 3.Bb5 g6 4.O-O Bg7 5.Re1 e5 6.c3 Nge7 7.d4 cxd4 8.cxd4 exd4
9.Bf4 Qb6 10.Na3 O-O 11.Bd6 Re8 12.Qc1 a6 13.Bc4 Qd8 14.Bxf7+ Kxf7 15.Qc4+ Nd5
16.exd5 b5 17.Qc2 Rxe1+ 18.Rxe1 Qf6 19.Qc5 Nd8 20.Qc7 Nb7 21.Be7 Qf5 22.Nc2 Qxd5
23.Ncxd4 h6 24.Qf4+ Kg8 25.Bb4 Qf7 26.Qg3 d6 27.Nc6 Bf5 28.Re7 Qd5 29.Rc7 Qd1+
30.Ne1 a5 31.Ne7+ Kh7 32.Nxf5 axb4 33.Rxg7+ Kh8 34.Qe3 Qh5 35.Qe7  1-0

[Event "Monarch Assurance"]
[Site "Port Erin IOM"]
[Date "2004.09.28"]
[Round "4"]
[White "Grafl,F"]
[Black "Moiseenko,A"]
[Result "0-1"]
[WhiteElo "2411"]
[BlackElo "2640"]

1.e4 c5 2.Nf3 Nc6 3.Bb5 e6 4.Bxc6 bxc6 5.b3 Ne7 6.Ba3 Ng6 7.d4 d5 8.exd5 cxd5
9.O-O Qc7 10.Re1 Be7 11.dxc5 O-O 12.Qd2 Bb7 13.b4 a5 14.c3 e5 15.Qe3 axb4
16.Bxb4 Rfe8 17.Na3 Bc6 18.Nb1 h6 19.Nfd2 Bg5 20.Qg3 Bf4 21.Qg4 e4 22.g3 Bg5
23.f4 exf3 24.Rxe8+ Rxe8 25.Nxf3 Ne5  0-1

[Event "VIII Itau Cup"]
[Site "Sao Paulo BRA"]
[Date "2004.09.28"]
[Round "5"]
[White "Alonso Moyano,J"]
[Black "De Lima,D"]
[Result "1-0"]
[WhiteElo "2269"]
[BlackElo "2074"]

1.e4 c5 2.Nf3 Nc6 3.Bb5 g6 4.O-O Bg7 5.c3 Nf6 6.Re1 O-O 7.d4 cxd4 8.cxd4 d6
9.d5 Nb8 10.Nc3 Bg4 11.h3 Bxf3 12.Qxf3 a6 13.Bf1 Nbd7 14.Be3 Ne5 15.Qd1 Rc8
16.Bd4 Nh5 17.Qd2 e6 18.f4 Bh6 19.Be3 Nc4 20.Bxc4 Rxc4 21.g4 Qh4 22.gxh5 gxh5
23.Qf2 Qxh3 24.Qg2+ Qg4 25.Qxg4+ hxg4 26.Kg2 Bg7 27.Bd2 b5 28.Rac1 Re8 29.dxe6 Rxe6
30.Nd5 Bxb2 31.Rxc4 bxc4 32.f5 Re8 33.Kg3 h5 34.Kh4 f6 35.Kxh5 Kf7 36.Kxg4 Be5
37.Kf3 Rh8 38.Bf4 Rh3+ 39.Kg4 Ra3 40.Bxe5 dxe5 41.Rb1 Rxa2 42.Rb7+ Kf8 43.Nxf6 c3
44.Nd5 Rb2 45.Rc7 c2 46.f6 a5 47.Kf5  1-0

[Event "Tatry Open"]
[Site "Tatranske Zruby SVK"]
[Date "2004.09.28"]
[Round "5"]
[White "Manik,M"]
[Black "Rachela,M"]
[Result "1-0"]
[WhiteElo "2502"]
[BlackElo "2308"]

1.e4 c5 2.Nf3 Nc6 3.Bb5 g6 4.O-O Bg7 5.Re1 Nf6 6.c3 O-O 7.a3 d6 8.h3 Ne5
9.Nxe5 dxe5 10.b4 Bd7 11.Bf1 Bc6 12.Qc2 Rc8 13.d3 Nd7 14.Be3 Kh8 15.Nd2 b6
16.Nb3 Ba4 17.Rab1 Rc7 18.Qd2 cxb4 19.axb4 Qc8 20.c4 Rd8 21.Qa2 Bxb3 22.Rxb3 Nb8
23.Ra3 Rdd7 24.c5 bxc5 25.Bxc5 Rxc5 26.bxc5 Nc6 27.Qxf7 Rb7 28.Qa2 a5 29.Rb1 h5
30.Rxb7 Qxb7 31.Rb3 Qc7 32.Rb6  1-0

[Event "Tatry Open"]
[Site "Tatranske Zruby SVK"]
[Date "2004.09.29"]
[Round "6"]
[White "Jossien,A"]
[Black "Matejov,J"]
[Result "1-0"]
[WhiteElo "2326"]
[BlackElo "2199"]

1.e4 c5 2.Nf3 Nc6 3.Bb5 Nd4 4.Nxd4 cxd4 5.O-O g6 6.d3 Bg7 7.Nd2 a6 8.Bc4 e6
9.Nf3 Ne7 10.Bg5 h6 11.Bf4 d6 12.Qd2 e5 13.Bg3 Bg4 14.Ne1 Be6 15.f4 O-O 16.fxe5 dxe5
17.Bxe6 fxe6 18.Rxf8+ Qxf8 19.Qb4 Nc6 20.Qxb7 Qe8 21.Rb1 a5 22.a3 Rb8 23.Qa6 Bf8
24.Nf3 Bxa3 25.Nxe5 Nxe5 26.Bxe5 Rxb2 27.Rxb2 Bxb2 28.Qxa5 Bc3 29.Qc7 Qf8
30.Qd7 Bd2 31.Qxe6+ Kh7 32.Bxd4 h5 33.Qf6 Qg8 34.c4 Bh6 35.Qe7+  1-0

[Event "Tatry Open"]
[Site "Tatranske Zruby SVK"]
[Date "2004.09.29"]
[Round "6"]
[White "Biolek,R2"]
[Black "Lanc,A"]
[Result "1/2-1/2"]
[WhiteElo "2451"]
[BlackElo "2410"]

1.e4 c5 2.Nf3 Nc6 3.Bb5 d6 4.d4 cxd4 5.Qxd4 Bd7 6.Bxc6 bxc6 7.c4 c5 8.Qd3 e5
9.Nc3 h6 10.O-O Nf6 11.h3 Bc6 12.Nh2 Nh5 13.Nd5 Be7 14.g4 Nf6 15.Be3 Bxd5
16.cxd5 Rb8 17.b3 Nh7 18.Kg2 Bg5 19.Nf3 Bxe3 20.fxe3 h5 21.Kg3 Qd7 22.Rh1 Qb5
23.Qc2 Nf6 24.g5 Nh7 25.Kh2 g6 26.Rhg1 O-O 27.Rg2 a5 28.Nd2 a4 29.bxa4 Qa6
30.a3  1/2-1/2

[Event "79th ch-ARG"]
[Site "Buenos Aires ARG"]
[Date "2004.09.30"]
[Round "8"]
[White "Triunfetti,C"]
[Black "Chapado,R"]
[Result "1/2-1/2"]
[WhiteElo "2256"]
[BlackElo "2151"]

1.e4 c5 2.Nf3 Nc6 3.Bb5 g6 4.O-O Bg7 5.Re1 e5 6.a3 Nge7 7.Nc3 O-O 8.d3 d6
9.Bc4 h6 10.Rf1 Kh7 11.Ne1 a6 12.Nd5 Nxd5 13.Bxd5 Ne7 14.Bb3 d5 15.Qe2 Be6
16.c3 Qd7 17.Bc2 Rac8 18.f4 exf4 19.Bxf4 dxe4 20.dxe4 b5 21.Rd1 Qb7 22.Nf3 Bc4
23.Bd3 Bb3 24.Rde1 Rcd8 25.Nd2 Be6 26.Bc2 Qd7 27.h3 b4 28.axb4 cxb4 29.cxb4 Qd4+
30.Be3 Qxb4 31.b3 Bd4 32.Nf3 Bxe3+ 33.Qxe3  1/2-1/2

[Event "IMA Classic"]
[Site "Gausdal NOR"]
[Date "2004.09.30"]
[Round "10"]
[White "Westerinen,H"]
[Black "Saevareid,O"]
[Result "1/2-1/2"]
[WhiteElo "2371"]
[BlackElo "2188"]

1.e4 c5 2.Nf3 Nc6 3.Bb5 g6 4.c3 Nf6 5.e5 Nd5 6.O-O Nc7 7.a4 Bg7 8.d4 cxd4
9.cxd4 a6 10.Bxc6 dxc6 11.h3 Be6 12.Nc3 Bd5 13.Nxd5 Qxd5 14.Be3 Ne6 15.Qd2 Rd8
16.Rfd1 O-O 17.Bh6 Rd7 18.Bxg7 Kxg7 19.Qe3 Rfd8 20.Rd2 Qc4 21.Qc3 Qxc3 22.bxc3 c5
23.Kf1 cxd4 24.cxd4 Rd5 25.Rb1 R8d7 26.Rb4 Nd8 27.Rdb2 e6 28.g3 h6 29.Kg2 Nc6
30.Rxb7 Rxb7 31.Rxb7 Nxd4 32.Nd2 Nc6 33.Nb3 Na5 34.Nxa5 Rxa5 35.Ra7 Rxa4
36.Kf3 Ra2 37.h4 Ra3+ 38.Ke4 Ra4+ 39.Kd3 Ra2 40.Ke3 Ra3+ 41.Ke4 Ra4+ 42.Kd3 Ra2
43.Ke3 Ra3+ 44.Ke4 Ra5 45.Kf3 g5 46.h5 Rxe5 47.Rxa6 Rf5+ 48.Ke3 g4 49.Ra4 Rg5
50.Re4 Kf6  1/2-1/2

[Event "Monarch Assurance"]
[Site "Port Erin IOM"]
[Date "2004.09.30"]
[Round "6"]
[White "Grafl,F"]
[Black "Wells,P"]
[Result "1/2-1/2"]
[WhiteElo "2411"]
[BlackElo "2494"]

1.e4 c5 2.Nf3 Nc6 3.Bb5 g6 4.O-O Bg7 5.c3 Nf6 6.Re1 O-O 7.e5 Nd5 8.d4 cxd4
9.cxd4 d6 10.Nc3 Nxc3 11.bxc3 Qa5 12.Bxc6 bxc6 13.Bg5 Qc7 14.exd6 exd6 15.Qa4 Be6
16.Nd2 Bd5 17.Re7 Qc8 18.Be3 Re8 19.Rxe8+ Qxe8 20.Re1 f5 21.Kf1 Qd7 22.Bf4 h6
23.Nc4 Re8 24.Rxe8+ Qxe8 25.Nxd6 Qb8 26.Qc2 Bf8 27.c4 Bxd6 28.Bxd6 Qxd6 29.cxd5 Qxd5
30.Qd2 Qc4+ 31.Ke1 g5  1/2-1/2

[Event "VIII Itau Cup"]
[Site "Sao Paulo BRA"]
[Date "2004.09.30"]
[Round "7"]
[White "Lima,Da"]
[Black "Chemin,V"]
[Result "1/2-1/2"]
[WhiteElo "2545"]
[BlackElo "2338"]

1.e4 c5 2.Nf3 Nc6 3.Bb5 e6 4.O-O a6 5.Bxc6 bxc6 6.d4 cxd4 7.Qxd4 d6 8.Rd1 c5
9.Qd3 Bb7 10.c4 Be7 11.Nc3 Nf6 12.Bf4 O-O 13.Bxd6 Bxd6 14.Qxd6 Qxd6 15.Rxd6 Nxe4
16.Nxe4 Bxe4 17.Ne5 Rfd8 18.Rad1 Rxd6 19.Rxd6 Kf8 20.f3 Bb1 21.a3 Ba2 22.Rc6 f6
23.Nd7+ Ke7 24.Nxc5 Bxc4 25.Ne4 Bd5 26.Rc7+ Kf8 27.b4 Rd8 28.Nc5 Bc4 29.Nd7+ Ke8
30.Rxc4 Kxd7 31.Rd4+ Kc7 32.Rxd8 Kxd8 33.Kf2 Kc7 34.Ke3 Kc6 35.a4 Kd5 36.Kd3 e5
37.h4 f5 38.h5 g6 39.h6 g5 40.g4 f4 41.a5 Kc6 42.Ke4 Kd6 43.Kf5 Kd5 44.Kxg5 Kd4
45.Kf5 e4 46.b5 exf3 47.bxa6 f2 48.a7 f1=Q 49.a8=Q Qd3+ 50.Kg5 f3 51.Qd8+ Ke3
52.Qxd3+ Kxd3 53.a6 f2 54.a7 f1=Q 55.a8=Q Qc1+ 56.Kh5 Qc5+ 57.g5 Qf5 58.Qd8+ Ke4
59.Qe7+ Kd3 60.Qd6+ Ke2 61.Qg3 Kf1 62.Qg4 Qe5 63.Qd1+ Kg2 64.Qc2+ Kh3 65.Qd3+ Kg2
66.Qc2+ Kh3 67.Qd3+ Kg2 68.Qxh7 Qe8+ 69.Kh4 Qa4+  1/2-1/2

[Event "TCh-Vojvodina"]
[Site "Sombor SCG"]
[Date "2004.09.30"]
[Round "8"]
[White "Popovic,Du"]
[Black "Bogosavljevic,B"]
[Result "1-0"]
[WhiteElo "2460"]
[BlackElo "2227"]

1.e4 c5 2.Nf3 Nc6 3.Bb5 g6 4.O-O Bg7 5.c3 Nf6 6.Qa4 Qb6 7.Re1 a6 8.Bxc6 Qxc6
9.Qxc6 dxc6 10.d4 cxd4 11.cxd4 O-O 12.h3 Be6 13.Nc3 Rfd8 14.Bf4 b5 15.Bc7 Rdc8
16.Ba5 Nd7 17.Rad1 Nf6 18.Rc1 Rab8 19.Bb4 Rb7 20.a3 Bh6 21.Ra1 Bc4 22.g3 Ra8
23.Ba5 Nd7 24.Ne5 Nxe5 25.dxe5 Rd7 26.Red1 Raa7 27.f4 Bb3 28.Bb6 Bxd1 29.Bxa7 Bb3
30.Be3 e6 31.Rc1 Bf8 32.Kf2 c5 33.Ne2 Bd1 34.Nc3 Bb3 35.Ne2 Bd1 36.Nc3 Bb3
37.g4 b4 38.axb4 cxb4 39.Ne2 Rd8 40.Nd4 Ba4 41.Ra1 Bc5 42.Rxa4 Bxd4 43.Rxb4 Bxe3+
44.Kxe3 Rd1 45.f5 Rh1 46.Rb8+ Kg7 47.f6+ Kh6 48.Rb7 Rxh3+ 49.Kd4 Kg5 50.Rxf7 Kxg4
51.Re7 g5 52.Rxe6 Rf3 53.Rxa6 h5 54.Ra1 h4 55.Kd5 h3 56.e6 h2 57.e7  1-0

[Event "Monarch Assurance"]
[Site "Port Erin IOM"]
[Date "2004.10.01"]
[Round "7"]
[White "Sarakauskas,G"]
[Black "McPhillips,K"]
[Result "1-0"]
[WhiteElo "2442"]
[BlackElo "2172"]

1.e4 c5 2.Nf3 Nc6 3.Bb5 g6 4.O-O Bg7 5.c3 Nf6 6.Re1 O-O 7.h3 e5 8.a3 d6 9.b4 Bd7
10.d3 Re8 11.Be3 b6 12.Nbd2 Nh5 13.Rc1 Nf4 14.Bxf4 exf4 15.Bxc6 Bxc6 16.d4 d5
17.e5 c4 18.Nh2 g5 19.h4 gxh4 20.Qg4 Re6 21.Ndf3 Bd7 22.Ra1 h3 23.Qxf4 Bh6
24.Qf5 Rg6 25.Qh5 Rxg2+ 26.Kh1 Bf4 27.Rg1 Qf8 28.Rxg2+ hxg2+ 29.Kxg2 Qh6
30.Qxh6 Bxh6 31.a4 Kf8 32.a5 b5 33.Rh1 Bf4 34.Nf1 Bf5 35.Ng3 Bg6 36.Ne2  1-0

[Event "Monarch Assurance"]
[Site "Port Erin IOM"]
[Date "2004.10.01"]
[Round "7"]
[White "Greet,A"]
[Black "Ramesh,R"]
[Result "1/2-1/2"]
[WhiteElo "2310"]
[BlackElo "2484"]

1.e4 c5 2.Nf3 Nc6 3.Bb5 Nf6 4.Nc3 g6 5.h3 Bg7 6.e5 Ng8 7.Bxc6 dxc6 8.d3 Nh6
9.O-O O-O 10.Ne4 b6 11.Bf4 Nf5 12.Re1 Nd4 13.Nfd2 Ne6 14.Bh2 Qd4 15.Nc4 Ba6
16.c3 Qd5 17.Qe2 Rad8 18.Rad1 Qd7 19.f4 Bh6 20.Qf3 f5 21.exf6 exf6 22.f5 Ng5
23.Nxg5 fxg5 24.f6 Qd5 25.Be5 Qxf3 26.gxf3 Rf7 27.b3 Bf8 28.Kf2 Bc8 29.Rg1 Bxh3
30.Rxg5 Rfd7 31.Ke2 Bf5 32.d4 cxd4 33.cxd4 Bh6 34.Rxf5 gxf5 35.f4 Kf7 36.Ne3 Ke6
37.Rc1 c5 38.d5+ Rxd5 39.Nxd5 Rxd5 40.Rh1 Bf8 41.Rxh7 Rd7 42.Rh8 Bd6 43.Re8+ Kf7
44.Ra8 Ke6 45.Re8+  1/2-1/2

[Event "Monarch Assurance"]
[Site "Port Erin IOM"]
[Date "2004.10.01"]
[Round "7"]
[White "Wells,P"]
[Black "Kotronias,V"]
[Result "0-1"]
[WhiteElo "2494"]
[BlackElo "2608"]

1.e4 c5 2.Nf3 Nc6 3.Bb5 g6 4.O-O Bg7 5.c3 Nf6 6.Qa4 O-O 7.d4 cxd4 8.cxd4 d5
9.e5 Nd7 10.Bxc6 Nb6 11.Qa5 bxc6 12.b3 Bg4 13.Nbd2 Nd7 14.Qxd8 Rfxd8 15.Ba3 Kf8
16.Rac1 Rdc8 17.Rc3 Bh6 18.h3 Bxf3 19.Nxf3 Ke8 20.Ne1 Nf8 21.Nc2 Ne6 22.g3 Bd2
23.Rd3 Ba5 24.Ne3 Bb6 25.Rfd1 a5 26.Kg2 h5 27.f4 a4 28.b4 Kd7 29.b5 Ra5 30.bxc6+ Rxc6
31.f5 gxf5 32.Nxf5 Rb5 33.R1d2 Ba5 34.Nxe7 Rc3 35.Rxc3 Bxc3 36.Rf2 Nxd4 37.Rxf7 Ke6
38.Rh7 Kxe5 39.Rxh5+ Ke4 40.Rh4+ Kd3 41.Ng6 Kc2 42.Bf8 Rb2 43.a3 Kb3+ 44.Kf1 Nf5  0-1

[Event "Tatry Open"]
[Site "Tatranske Zruby SVK"]
[Date "2004.10.02"]
[Round "9"]
[White "Petrik,S"]
[Black "Janos,I"]
[Result "1/2-1/2"]
[WhiteElo "2247"]
[BlackElo "2148"]

1.e4 c5 2.Nf3 Nc6 3.Bb5 g6 4.O-O Bg7 5.c3 Qb6 6.Na3 a6 7.Bc4 d6 8.Ng5 e6
9.Qf3 Qc7 10.Qg3 Nf6 11.d3 Nh5 12.Qe3 b5 13.Bb3 h6 14.Nh3 b4 15.Nb1 O-O 16.Bd1 Nf6
17.f4 a5 18.g4 a4 19.a3 bxc3 20.bxc3 Nd7 21.f5 exf5 22.gxf5 g5 23.Nf2 Qb6
24.h4 f6 25.Nd2 Nde5 26.Rb1 Qa7 27.Bb2 Ba6 28.Bxa4 Rab8 29.Bc2 Qf7 30.hxg5 fxg5
31.Ba1 Na5 32.c4 g4 33.Kg2 Nac6 34.Rh1 Kh7 35.Rxb8 Rxb8 36.Bd1 Rg8 37.Nf1 Bf8
38.Ng3 Bb7 39.Bb2 Qe7 40.Bc1 Nf7 41.Bxg4 Nd4 42.Qf4 Qe5 43.f6  1/2-1/2

[Event "Premier League"]
[Site "Belgrade SCG"]
[Date "2004.10.03"]
[Round "9"]
[White "Toth,Al"]
[Black "Damjanovic,L"]
[Result "1/2-1/2"]
[WhiteElo "2185"]
[BlackElo "2174"]

1.e4 c5 2.Nf3 Nc6 3.Bb5 g6 4.Bxc6 bxc6 5.O-O Bg7 6.c3 Nh6 7.d4 cxd4 8.cxd4 O-O
9.Nc3 d6 10.h3 f6 11.Re1 Nf7 12.b3 Bd7 13.Bb2 Rc8 14.Rc1 c5 15.d5 Rc7 16.Nd2 f5
17.Nc4 f4 18.Nb1 Bxb2 19.Nxb2 Ne5 20.Nd3 f3 21.Nxe5 dxe5 22.Re3 fxg2 23.Kxg2 Bc8
24.Nc3 e6 25.dxe6 Qh4 26.Rf3 Rxf3 27.Qxf3 Qg5+ 28.Kh2 Bxe6 29.Rd1 Rf7 30.Qg3 Qf6
31.Kg2 c4 32.bxc4 Bxc4 33.Nd5 Qe6 34.Rd2 Kf8 35.Qc3 Bxd5 36.Rxd5 Qf6 37.Qg3 Re7
38.Qf3 Kg7 39.Qxf6+ Kxf6 40.Rd6+ Re6 41.Rd7 Ra6 42.Rd2 g5 43.Kg3 h5 44.f3 Ke6
45.Rc2 Ra3 46.Rc6+ Kd7 47.Rc5 Kd6 48.Rd5+ Ke6 49.Rd2 Ra4 50.Rb2 Kf6 51.Rc2 Ra6
52.Rb2 Kg6 53.Rc2 Rb6 54.h4 Ra6 55.a4 gxh4+ 56.Kxh4 Rxa4 57.Rc6+ Kf7 58.Kxh5 Ra3
59.Kg4 Ke7 60.Kf5 Kd7 61.Rg6 Rxf3+ 62.Kxe5 Kc7 63.Ra6 Kb7 64.Ra1 Kb6 65.Kd6 a5
66.e5 Kb5 67.Ke7 a4 68.e6 a3 69.Ke8 Re3 70.e7  1/2-1/2

[Event "Monarch Assurance"]
[Site "Port Erin IOM"]
[Date "2004.10.03"]
[Round "9"]
[White "Zhang Zhong"]
[Black "Kotronias,V"]
[Result "1/2-1/2"]
[WhiteElo "2603"]
[BlackElo "2608"]

1.e4 c5 2.Nf3 Nc6 3.Bb5 g6 4.Bxc6 dxc6 5.d3 Bg7 6.h3 b6 7.O-O e5 8.a3 f6
9.b4 cxb4 10.axb4 Nh6 11.Nbd2 Nf7 12.Bb2 O-O 13.d4 exd4 14.Bxd4 Re8 15.Re1 Be6
16.Ra3 Re7 17.Qa1 Rb7 18.Nf1 Qe7 19.Rae3 Rf8 20.Ng3 Qxb4 21.Bxf6 Ng5 22.e5 Nxf3+
23.Rxf3 Bd5 24.Bxg7 Rxf3 25.gxf3 Rxg7 26.Ne4 Re7 27.Nf6+ Kf7 28.Re3 Qh4 29.Nxd5 cxd5
30.Qa2 Qd4 31.c3 Qc4 32.Qd2 a5 33.Re1 Qc6 34.Qd4 Qe6 35.f4 Qxh3 36.Rb1 Re6
37.Rxb6 Qg4+  1/2-1/2

[Event "Piloo Mody Open"]
[Site "Lucknow IND"]
[Date "2004.10.04"]
[Round "4"]
[White "Dzhumaev,M"]
[Black "Fominyh,A"]
[Result "1-0"]
[WhiteElo "2520"]
[BlackElo "2546"]

1.e4 c5 2.Nf3 Nc6 3.Bb5 Nf6 4.e5 Nd5 5.O-O Nc7 6.a4 g6 7.c3 Bg7 8.d4 cxd4
9.cxd4 O-O 10.Nc3 d6 11.exd6 Qxd6 12.d5 Nb4 13.Bc4 Bf5 14.Bg5 h6 15.Bh4 Rad8
16.Nd4 Bc8 17.Ndb5 Qc5 18.Nxc7 Qxc7 19.Qb3 a5 20.Nb5 Qc5 21.d6 g5 22.Rac1 e6
23.Bg3 Bd7 24.Rfd1 Qf5 25.Be2 e5 26.h3 Bc6 27.Rc5 b6 28.Nd4 Qd7 29.Nxc6 bxc5
30.Nxd8 Rxd8 31.Bb5 Qf5 32.d7 Nc2 33.Qc3 Nd4 34.Qxa5 Bf6 35.Qb6 Be7 36.Qxh6 Nxb5
37.axb5 f6 38.Qh5 Kf8 39.h4 Rxd7 40.Rxd7 Qxd7 41.hxg5 fxg5 42.Bxe5 Qxb5 43.Qg6 Bd8
44.Bd6+  1-0

[Event "Goodbye Summer Open"]
[Site "Omis CRO"]
[Date "2004.10.06"]
[Round "1"]
[White "Palac,M"]
[Black "Colpa,H"]
[Result "1-0"]
[WhiteElo "2543"]
[BlackElo "2129"]

1.e4 c5 2.Nf3 Nc6 3.Bb5 Nd4 4.Nxd4 cxd4 5.c3 a6 6.Ba4 b5 7.Bc2 Qb6 8.O-O e6
9.cxd4 Qxd4 10.d3 Bb7 11.Nc3 Rc8 12.Be3 Qb4 13.Bb3 Ne7 14.d4 Qa5 15.d5 Ng6
16.f4 Bb4 17.dxe6 dxe6 18.f5 exf5 19.Bxf7+ Kf8 20.Rxf5 Ne7 21.Rf2 Rxc3 22.Be6+ Nf5
23.Rxf5+  1-0

[Event "Goodbye Summer Open"]
[Site "Omis CRO"]
[Date "2004.10.09"]
[Round "5"]
[White "Palac,M"]
[Black "Bilobrk,F"]
[Result "1-0"]
[WhiteElo "2543"]
[BlackElo "2328"]

1.e4 c5 2.Nf3 Nc6 3.Bb5 e6 4.O-O Nge7 5.c3 a6 6.Ba4 b5 7.Bc2 d5 8.e5 d4 9.Be4 Nd5
10.cxd4 cxd4 11.d3 Be7 12.Nbd2 Bb7 13.Nb3 Qb6 14.Bxd5 exd5 15.Bg5 Bxg5 16.Nxg5 O-O
17.Re1 Rae8 18.Qh5 h6 19.e6 f6 20.Nf7 Kh7 21.Qf5+ g6 22.Qf4  1-0

[Event "Pre-Olym Tourn"]
[Site "Belo Horizonte BRA"]
[Date "2004.10.11"]
[Round "5"]
[White "Gomes,L"]
[Black "Matsuura,E"]
[Result "1/2-1/2"]
[WhiteElo "2262"]
[BlackElo "2474"]

1.e4 c5 2.Nf3 Nc6 3.Bb5 d6 4.Bxc6+ bxc6 5.O-O e5 6.c3 Bg4 7.h3 Bh5 8.d3 Be7
9.Be3 Nf6 10.Nbd2 O-O 11.Qa4 Qc7 12.d4 Bxf3 13.Nxf3 Nxe4 14.dxe5 d5 15.Bf4 Qb7
16.Qc2 c4 17.b3 cxb3 18.axb3 Bc5 19.Nd4 Qb6 20.Be3 a5 21.Rfb1 f6 22.exf6 Nxf6
23.Ne6 Bxe3 24.Nxf8 Ne4 25.fxe3 Qxe3+ 26.Kh2 Rxf8 27.Rf1 Qg3+ 28.Kg1 Qe3+
29.Kh2 Qg3+ 30.Kg1 Qe3+  1/2-1/2

[Event "36th Olympiad"]
[Site "Calvia ESP"]
[Date "2004.10.18"]
[Round "4"]
[White "Nikolaidis,I"]
[Black "Miton,K"]
[Result "1/2-1/2"]
[WhiteElo "2527"]
[BlackElo "2600"]

1.Nf3 c5 2.e4 Nc6 3.Bb5 e6 4.Bxc6 bxc6 5.O-O Ne7 6.c4 Ng6 7.d4 cxd4 8.Qxd4 c5
9.Qd3 Be7 10.Nc3 O-O 11.Be3 Bb7 12.Rad1 Bc6 13.Nd2 Qb8 14.b3 f5 15.exf5 Rxf5
16.Nde4 Nf4 17.Qd2 Nxg2 18.Kxg2 d5 19.cxd5 exd5 20.Nxd5 Bxd5 21.Qxd5+ Rxd5
22.Rxd5 Qc8 23.f3 Qa6 24.Rf2 Qg6+ 25.Kh1 Qe6 26.Rd1 Qf5 27.Kg2 Rf8 28.Rc1 Qg6+
29.Kh1 Rf5 30.Bxc5 Qh6 31.Rc4 Bxc5 32.Nxc5 Qe3 33.Ne4 h6 34.Kg2 Kh7 35.Ng3 Rf6
36.Re4 Qc5 37.Rc4 Qe3 38.Re4 Qd3 39.Rg4 Rc6 40.Re2 Rc3 41.Rf4 Rc2 42.Re4 Rc3
43.Rf4 Rc2 44.Re4 Rc1 45.Rg4 h5 46.Rh4 g6 47.Rhe4 Rc3 48.Rf2 Kh6 49.h4 Rc1
50.Rfe2 Rc2 51.Nf5+ gxf5 52.Re6+ Kg7 53.Re7+  1/2-1/2

[Event "4th Rohde Open"]
[Site "Sautron FRA"]
[Date "2004.10.25"]
[Round "3"]
[White "Fedorchuk,S"]
[Black "Abergel,T"]
[Result "1-0"]
[WhiteElo "2557"]
[BlackElo "2428"]

1.e4 c5 2.Nf3 Nc6 3.Bb5 d6 4.O-O Bd7 5.Re1 Nf6 6.c3 a6 7.Bf1 Bg4 8.h3 Bxf3
9.Qxf3 g6 10.Qd1 Qb6 11.d3 Bg7 12.Nd2 Nd7 13.Nc4 Qd8 14.Bg5 O-O 15.f4 b5
16.Ne3 Rb8 17.Rc1 Re8 18.Qf3 Qc8 19.Ng4 Kh8 20.Kh1 Qb7 21.Qf2 b4 22.Rc2 a5
23.Qh4 a4 24.Bh6 a3 25.Bxg7+ Kxg7 26.Qh6+ Kh8 27.f5 b3 28.Rf2 Rf8 29.bxa3 bxa2
30.Rxa2 Qb3 31.Qd2 Qa4 32.Be2 Qa5 33.Ne3 Rb3 34.Rc2 Nde5 35.Rf1 Rxa3 36.fxg6 hxg6
37.Nc4 Nxc4 38.Qh6+ Kg8 39.Rf4  1-0

[Event "World Seniors"]
[Site "Halle GER"]
[Date "2004.10.26"]
[Round "3"]
[White "Rahn,O"]
[Black "Rosen,W"]
[Result "1/2-1/2"]
[WhiteElo "2084"]
[BlackElo "2306"]

1.e4 c5 2.Nf3 Nc6 3.Bb5 g6 4.O-O Bg7 5.c3 Nf6 6.Re1 O-O 7.d4 d5 8.exd5 Qxd5
9.Bxc6 Qxc6 10.Nbd2 Qc7 11.dxc5 Qxc5 12.Qe2 Re8 13.Nb3 Qc7 14.Bg5 Be6 15.Nbd4 Bc4
16.Qe5 Qc8 17.Qg3 Nh5 18.Qh4 f6 19.Bd2 e5 20.g4 exd4 21.gxh5 gxh5 22.Nxd4 Kh8
23.Rxe8+ Qxe8 24.Nf5 Qg6+ 25.Ng3 Bf7 26.Be3 b6 27.b3 Rd8 28.Bd4 Rd5 29.Qe4 f5
30.Bxg7+ Qxg7 31.Qf4 Qxc3 32.Rc1 Qf6 33.Rc8+ Kg7 34.h4 Kg6 35.Rc6 Be6 36.Qf3 f4
37.Qe4+ Kf7 38.Rc7+ Kf8 39.Nxh5 Qxh4 40.Qxf4+ Qxf4 41.Nxf4 Rd1+ 42.Kg2 Bf7  1/2-1/2

[Event "19th Open"]
[Site "Le Touquet FRA"]
[Date "2004.10.27"]
[Round "4"]
[White "Karlovich,A"]
[Black "Ikonnikov,Vy"]
[Result "1/2-1/2"]
[WhiteElo "2155"]
[BlackElo "2559"]

1.e4 c5 2.Nf3 Nc6 3.Bb5 g6 4.c3 Nf6 5.e5 Nd5 6.d4 cxd4 7.O-O Nc7 8.Bxc6 dxc6
9.cxd4 Bg4 10.Nbd2 Bg7 11.h3 Be6 12.Nb1 Bd5 13.Be3 Ne6 14.Ng5 Nc7 15.Nc3 O-O
16.f4 f5 17.Rc1 Bh6 18.Nf3 Ne6 19.Qd2 Qd7 20.Ne1 Bc4 21.Rf2 Rad8 22.b3 Ba6
23.Rd1 Nc7 24.d5 Nxd5 25.Nxd5 Qxd5 26.Qxd5+ Rxd5 27.Rxd5 cxd5 28.Bxa7 Rc8
29.Be3 d4 30.Bd2 Kf7 31.Nf3 d3 32.Ng5+ Bxg5 33.fxg5 Ke6 34.Bf4 Kd5 35.Rb2 Kd4
36.Kf2 Kc3 37.Rd2 Rd8 38.Ke1 Rd4 39.Rf2 Re4+ 40.Kd1 Kd4 41.Kd2 Re2+ 42.Rxe2 dxe2
43.g3 Ke4 44.Ke1 Kf3 45.e6 Bb5 46.Bc7 Bc6 47.Bd8 Kxg3 48.Bxe7 Kxh3 49.Bf6 Kg4
50.Kxe2 f4 51.Bd8 Kf5 52.a4 Kxe6 53.Kf2 Kf5 54.a5 Kg4 55.b4 Bd5 56.Be7 Kh5
57.b5 h6 58.gxh6 Kxh6 59.a6 bxa6 60.bxa6 g5 61.Bd6 Kg6 62.Bc7 Kf5 63.Bd8 g4
64.Bh4 Kg6 65.a7 Kf5 66.Bd8 g3+ 67.Kf1 f3 68.Bb6 Ke4 69.Bc5 Kd3 70.Bd6 g2+
71.Kf2  1/2-1/2

[Event "4th Rohde Open"]
[Site "Sautron FRA"]
[Date "2004.10.27"]
[Round "5"]
[White "Le Gallo,F"]
[Black "Wirig,A"]
[Result "0-1"]
[WhiteElo "1959"]
[BlackElo "2408"]

1.e4 c5 2.Nf3 Nc6 3.Bb5 g6 4.Bxc6 bxc6 5.O-O Bg7 6.c3 Nh6 7.d4 cxd4 8.cxd4 d5
9.Qa4 Bd7 10.Ne5 dxe4 11.Nc3 Nf5 12.Nxe4 O-O 13.Nc5 Be8 14.Be3 Qd5 15.Nf3 e5
16.Rad1 exd4 17.Na6 c5 18.Qa3 Bb5 19.Nc7 Qc6 20.Nxa8 Bxf1 21.Rxf1 dxe3 22.fxe3 Rxa8
23.g4 Nd6 24.Ng5 h6 25.Nh3 Nc4 26.Qb3 Qe6 27.Rf3 Nd2  0-1

[Event "4th Rohde Open"]
[Site "Sautron FRA"]
[Date "2004.10.29"]
[Round "7"]
[White "Bojkov,D"]
[Black "Philippe,C"]
[Result "1/2-1/2"]
[WhiteElo "2475"]
[BlackElo "2371"]

1.e4 c5 2.Nf3 Nc6 3.Bb5 g6 4.Bxc6 dxc6 5.d3 Bg7 6.Nc3 Nf6 7.Be3 b6 8.h3 Nd7
9.Qd2 h6 10.O-O e5 11.a3 Qe7 12.b4 cxb4 13.axb4 Qxb4 14.Rfb1 Qd6 15.Na4 b5
16.Nb6 Nxb6 17.Bxb6 O-O 18.Bxa7 Bd7 19.Qc3 Rfe8 20.Bc5 Qf6 21.Nd2 h5 22.Be3 g5
23.Nb3 g4 24.hxg4 Bxg4 25.f3 Bd7 26.Nc5 Rxa1 27.Rxa1 Bc8 28.Qd2 Kh7 29.Qf2 Rg8
30.Kf1 Bf8 31.Ke2 Be7 32.Rh1 h4 33.g3 Qg6 34.gxh4 Qh5 35.Qh2 Rg6 36.Nb3 Be6
37.Nd2 c5 38.Bg5 f6 39.Be3 Rg7 40.Ra1 c4 41.dxc4 bxc4 42.c3 Qe8 43.h5 Qd7
44.h6 Qd3+ 45.Kf2 Rf7 46.Qh5 Bc5 47.Bxc5 Qxd2+ 48.Kg1 Qxc3 49.Ra6 Qe1+ 50.Kg2 Qd2+
51.Kg3 Qf4+ 52.Kg2 Qd2+ 53.Kg3 Qf4+ 54.Kg2 Qd2+  1/2-1/2

[Event "4th Rohde Open"]
[Site "Sautron FRA"]
[Date "2004.10.29"]
[Round "7"]
[White "Fedorchuk,S"]
[Black "Wirig,A"]
[Result "1-0"]
[WhiteElo "2557"]
[BlackElo "2408"]

1.e4 c5 2.Nf3 Nc6 3.Bb5 d6 4.O-O Bd7 5.Re1 Nf6 6.c3 a6 7.Bf1 Bg4 8.d3 e6
9.Nbd2 Be7 10.h3 Bh5 11.g4 Bg6 12.Nh4 Nd7 13.Ng2 O-O 14.f4 h6 15.Nf3 Bh7
16.Qe2 Rc8 17.Qf2 b5 18.h4 d5 19.f5 dxe4 20.dxe4 Nde5 21.Nxe5 Nxe5 22.Qg3 Bxh4
23.Nxh4 Qxh4 24.Qxh4 Nf3+ 25.Kf2 Nxh4 26.Kg3 exf5 27.exf5 Nxf5+ 28.gxf5 Bxf5
29.a4 Bd7 30.axb5 axb5 31.Ra7 Bc6 32.Bh3 Rcd8 33.Rc7 Rd6 34.Bf4 Rg6+ 35.Kf2 c4
36.Rg1 Be4 37.Rxg6 Bxg6 38.Bg2 Re8 39.Bc6  1-0

[Event "4th Rohde Open"]
[Site "Sautron FRA"]
[Date "2004.10.31"]
[Round "9"]
[White "Picard,C"]
[Black "Kosten,A"]
[Result "0-1"]
[WhiteElo "2145"]
[BlackElo "2519"]

1.e4 c5 2.Nf3 Nc6 3.Bb5 g6 4.Bxc6 dxc6 5.d3 Bg7 6.h3 e5 7.Be3 b6 8.Qd2 f6
9.Nc3 Be6 10.O-O g5 11.a3 Bf8 12.Ne2 Ne7 13.b4 cxb4 14.axb4 Ng6 15.Ra4 Nf4
16.Rfa1 a5 17.bxa5 b5 18.Bb6 Qc8 19.R4a2 Bxa2 20.Rxa2 Nxe2+ 21.Qxe2 Be7 22.Nh2 Qe6
23.Ra1 O-O 24.g4 Rfb8 25.Qe3 Bd8 26.Bxd8 Rxd8 27.Qb6 Rab8 28.Qc5 Qd6 29.Qc3 c5
30.Nf3 c4 31.dxc4 Rbc8 32.a6 Rxc4 33.Qb3 Qb4 34.a7 Qxb3 35.a8=Q Qb1+ 36.Rxb1 Rxa8
37.Rxb5 Rxc2 38.Rb1 Raa2 39.Rf1 Re2 40.Kg2 Rxe4 41.Ne1  0-1

[Event "4th Rohde Open"]
[Site "Sautron FRA"]
[Date "2004.10.31"]
[Round "9"]
[White "Maze,S"]
[Black "Shirazi,K"]
[Result "0-1"]
[WhiteElo "2464"]
[BlackElo "2389"]

1.e4 c5 2.Nf3 Nc6 3.Bb5 e5 4.Bxc6 dxc6 5.d3 f6 6.h3 Ne7 7.Be3 Ng6 8.Qd2 Be7
9.Nc3 Nf8 10.Ne2 Ne6 11.c3 O-O 12.O-O Qe8 13.Ng3 Rf7 14.d4 cxd4 15.cxd4 Nxd4
16.Nxd4 exd4 17.Bxd4 Be6 18.Qe3 b6 19.Bc3 Rd8 20.Qf3 Bf8 21.Rfe1 Rfd7 22.Nf5 Rd3
23.Qg4 Kh8 24.e5 h5 25.Qe4 Qg6 26.Nd6 Qxe4 27.Nxe4 fxe5 28.Bxe5 Kg8 29.Ng5 Bd5
30.Bc3 Bc5 31.Ne6 Rg3 32.Nf4 Rf8 33.Kh2 Rxc3 34.Nxd5 Rc2 35.Ne7+ Kh7  0-1